00389nam a22001217a 4500008004100000020002300041040001700064050001600081100001500097245010500112260003200217300001800249190826b ||||| |||| 00| 0 eng d a81-85070-92-Xc895 aDPLbEnglish a025.527 KAU aKaula,P N  aChanging dimensions of Library and Information in Indiaba cluster of essayscby P.N. KaulahEnglish aAgrabY.K. Publishersc2004 a436p.b26 cm.